Kirjaimella P alkavia kaupunkeja kartalla - Statistics

Yleistilastot
  • Tätä visaa on pelattu 1 288 kertaa
  • Keskiarvotulos 14 / 30
Vastaukset kartalla
Vastauksille on annettu kartalla punavihreä väri sen mukaan, kuinka moni on saanut sen oikein.
 
Vastaustilastot
Kaupunki % Oikein
Pariisi
91%
Panama
79%
Perth
78%
Pjongjang
77%
Praha
76%
Palermo
70%
Philadelphia
64%
Pretoria
63%
Pristina
63%
Port-au-Prince
58%
Pittsburgh
56%
Portland
55%
Phnom Penh
52%
Phoenix
47%
Port of Spain
45%
Port Moresby
39%
Portsmouth
39%
Pamplona
37%
Phuket
35%
Porto-Novo
35%
Port Elizabeth
25%
Porto Alegre
23%
Providence
22%
Pune
22%
Padova
20%
Plovdiv
20%
Port Harcourt
19%
Patna
17%
Palembang
14%
Puducherry
12%
Ehtoja vastaavia visoja ei löytynyt
Tulosjakauma
Jokaisen tuloksen saaneiden osuus
Persentiili vastausten määrän mukaan
Tuloshistoriasi
Et ole pelannut tätä visaa